<?xml version="1.0" encoding="UTF-8"?>
<record
    xmlns:xsi="http://www.w3.org/2001/XMLSchema-instance"
    xsi:schemaLocation="http://www.loc.gov/MARC21/slim http://www.loc.gov/standards/marcxml/schema/MARC21slim.xsd"
    xmlns="http://www.loc.gov/MARC21/slim">

  <leader>02711nam a2200337 a 4500</leader>
  <controlfield tag="001">000000431</controlfield>
  <controlfield tag="003">DO-SdBNP</controlfield>
  <controlfield tag="005">20180402135846.0</controlfield>
  <controlfield tag="007">000000431</controlfield>
  <controlfield tag="008">081112s1998   dr a          000 f spa d</controlfield>
  <datafield tag="020" ind1=" " ind2=" ">
    <subfield code="a">78945406665</subfield>
  </datafield>
  <datafield tag="040" ind1=" " ind2=" ">
    <subfield code="a">BPMSU</subfield>
    <subfield code="b">spa</subfield>
    <subfield code="c">BPMSU</subfield>
  </datafield>
  <datafield tag="092" ind1=" " ind2=" ">
    <subfield code="a">823.8</subfield>
    <subfield code="b">M813o</subfield>
  </datafield>
  <datafield tag="100" ind1="1" ind2=" ">
    <subfield code="a">Montse V.</subfield>
    <subfield code="d">1812-1870</subfield>
  </datafield>
  <datafield tag="245" ind1="1" ind2="0">
    <subfield code="a">Oliver Twist /</subfield>
    <subfield code="c"> Charles Dickens; versi&#xF3;n : Montserrat V. Esteban; ilustraciones A. Centeno </subfield>
  </datafield>
  <datafield tag="260" ind1=" " ind2=" ">
    <subfield code="a">Santo Domingo :</subfield>
    <subfield code="b">Tobog&#xE1;n,</subfield>
    <subfield code="c">1998</subfield>
    <subfield code="g">2008 (reimpresi&#xF3;n)</subfield>
  </datafield>
  <datafield tag="300" ind1=" " ind2=" ">
    <subfield code="a">95 p. :</subfield>
    <subfield code="b">il. ;</subfield>
    <subfield code="c">23 cm.</subfield>
  </datafield>
  <datafield tag="440" ind1=" " ind2="0">
    <subfield code="a">Cl&#xE1;sicos universales</subfield>
  </datafield>
  <datafield tag="500" ind1=" " ind2=" ">
    <subfield code="a">Incluye datos biogr&#xE1;ficos del autor </subfield>
  </datafield>
  <datafield tag="500" ind1=" " ind2=" ">
    <subfield code="a">La biblioteca posee  2 ejemplares reimpresos en 2008</subfield>
  </datafield>
  <datafield tag="505" ind1="0" ind2=" ">
    <subfield code="a">1. Nacimiento de Oliver Twist -- 2. La infancia de Oliver -- 3.Oliver casi se coloca -- 4.Oliver entra en el mundo -- 5. La nueva profesi&#xF3;n de Oliver -- 6. Oliver lucha con No&#xE9; -- 7. Oliver persiste en su rebeli&#xF3;n -- 8. Un joven singular -- 9. El bondadoso anciano y sus aventajados disc&#xED;pulos - 10. Comienza el "aprendizaje" -- 11. Curiosa forma de administrar justicia -- 12. Cierto retrato -- 13. Bill Sikes -- 14. El pron&#xF3;stico de Grinwig -- 15. La captura de Oliver -- 16. Oliver tras la captura -- 17. Un personaje difama a Oliver -- 18. En casa del jud&#xED;o -- 19. Plan de campa&#xF1;a -- 20. En las garras de Bill Sikes -- 21. La expedici&#xF5;n -- 22. Robo con fractura -- 23. Conversaci&#xF3;n de Bumble con una dama -- 24. Detalles penosos pero cortos -- 25. Fagin y su cuadrilla -- 26. Un personaje misterioso -- 27. La dama del asilo -- 28. Oliver reaparece -- 29. Los habitantes de aquella casa -- 30. Opiniones sobre Oliver -- 31. Una situaci&#xF3;n cr&#xED;tica -- 32. La casa de sus nuevos protectores -- 33. Un golpe imprevisto -- 34. La aventura de Oliver -- 35. Conversaci&#xF3;n de Henry con Rosa -- 36. Conferencia secreta -- 37. Una historia divertida -- 38. Entrevista entre Monks y la se&#xF1;ora Bumble -- 39. El complot entre Monks y el jud&#xED;o -- 40. Una extra&#xF1;a entrevista -- 41. M&#xE1;s sorpresas -- 42. Claypole cambia de oficio -- 43. La ca&#xED;da del "Truh&#xE1;n" -- 44. Una misi&#xF3;n secreta -- 45. La cita -- 46. Consecuencias fatales -- 47. La fuga de Sikes -- 48. Monks y Brunlow se encuentran -- 49. Persecusi&#xF3;n y fuga -- 50. Se aclara m&#xE1;s de un misterio -- 51. Las &#xFA;ltimas horas del jud&#xED;o -- 52. Conclusi&#xF3;n.</subfield>
  </datafield>
  <datafield tag="650" ind1=" " ind2="4">
    <subfield code="a">NOVELA INGLESA</subfield>
  </datafield>
  <datafield tag="650" ind1=" " ind2="4">
    <subfield code="a">LITERATURA INGLESA</subfield>
  </datafield>
  <datafield tag="700" ind1="1" ind2=" ">
    <subfield code="a">Dickens, Charles.</subfield>
    <subfield code="d">1812-1870.</subfield>
    <subfield code="t">Oliver Twist</subfield>
  </datafield>
  <datafield tag="700" ind1="1" ind2=" ">
    <subfield code="a">Centeno, A. </subfield>
    <subfield code="d">il. </subfield>
  </datafield>
  <datafield tag="830" ind1=" " ind2=" ">
    <subfield code="p">Cl&#xE1;sicos universales Tobog&#xE1;n </subfield>
  </datafield>
  <datafield tag="942" ind1=" " ind2=" ">
    <subfield code="2">ddc</subfield>
    <subfield code="c">BK</subfield>
  </datafield>
  <datafield tag="945" ind1=" " ind2=" ">
    <subfield code="a">Inventariado  / 2018VM</subfield>
  </datafield>
  <datafield tag="952" ind1=" " ind2=" ">
    <subfield code="0">0</subfield>
    <subfield code="1">0</subfield>
    <subfield code="2">ddc</subfield>
    <subfield code="4">0</subfield>
    <subfield code="7">0</subfield>
    <subfield code="8">CJ-D</subfield>
    <subfield code="a">BPMET</subfield>
    <subfield code="b">BPMET</subfield>
    <subfield code="d">2015-05-11</subfield>
    <subfield code="l">0</subfield>
    <subfield code="o">823.8       M813o</subfield>
    <subfield code="p">BPMSU15051682</subfield>
    <subfield code="r">2015-05-11</subfield>
    <subfield code="w">2015-05-11</subfield>
    <subfield code="y">BK</subfield>
  </datafield>
  <datafield tag="952" ind1=" " ind2=" ">
    <subfield code="0">0</subfield>
    <subfield code="1">0</subfield>
    <subfield code="2">ddc</subfield>
    <subfield code="4">0</subfield>
    <subfield code="7">0</subfield>
    <subfield code="8">CJ-D</subfield>
    <subfield code="a">BPMET</subfield>
    <subfield code="b">BPMET</subfield>
    <subfield code="d">2015-05-14</subfield>
    <subfield code="l">0</subfield>
    <subfield code="o">823.8       M813o</subfield>
    <subfield code="p">BPMSU15051707</subfield>
    <subfield code="r">2015-05-14</subfield>
    <subfield code="t">e. 2</subfield>
    <subfield code="v">0.00</subfield>
    <subfield code="w">2015-05-14</subfield>
    <subfield code="y">BK</subfield>
  </datafield>
  <datafield tag="952" ind1=" " ind2=" ">
    <subfield code="0">0</subfield>
    <subfield code="1">0</subfield>
    <subfield code="2">ddc</subfield>
    <subfield code="4">0</subfield>
    <subfield code="7">0</subfield>
    <subfield code="8">CJ-D</subfield>
    <subfield code="a">BPMET</subfield>
    <subfield code="b">BPMET</subfield>
    <subfield code="d">2015-05-14</subfield>
    <subfield code="l">0</subfield>
    <subfield code="o">823.8       M813o</subfield>
    <subfield code="p">BPMSU15051708</subfield>
    <subfield code="r">2015-05-14</subfield>
    <subfield code="t">e. 3</subfield>
    <subfield code="w">2015-05-14</subfield>
    <subfield code="y">BK</subfield>
  </datafield>
  <datafield tag="956" ind1=" " ind2=" ">
    <subfield code="a">VMATEO</subfield>
    <subfield code="b">10</subfield>
    <subfield code="c">20150511</subfield>
    <subfield code="l">BPMSU</subfield>
    <subfield code="h">00151</subfield>
  </datafield>
  <datafield tag="956" ind1=" " ind2=" ">
    <subfield code="a">Validado. Control de calidad MFF</subfield>
  </datafield>
  <datafield tag="999" ind1=" " ind2=" ">
    <subfield code="c">7857</subfield>
    <subfield code="d">7857</subfield>
  </datafield>
</record>
